00864nam a2200253 i 4500001000300000100002100003245007800024260007000102300003600172504002600208650003600234650003000270650002800300020001500328040000800343041000700351080002200358920001800380942000700398008004100405999001700446856009800463952004900561bg1 aDULĘBA, Ignacy10aAlgorithms of motion planning for nonholonomic robots /cIgnacy Dulęba. aWrocław :bOficyna Wydawnicza Politechniki Wrocławskiej,c1998. a147 s. :brys., wykr. ;c24 cm. aBibliogr. s. 141-147. 9aAlgorytmyxstosowaniextechnika 9aAutomaty mobilnexbadanie 9aKinematykaxzagadnienia a8370853439 cBPK0 aen a007.5:531.1:510.5 a83-7085-343-9 cKS s pl f |000 0 pol  c34502d34502 uhttp://koha.tu.koszalin.pl/cgi-bin/koha/opac-detail.pl?biblionumber=34502yKatalog online BPK 00104070aBPKbBPKcwo47828p01404654yKS